[Event "DEM U14w 2018"]
[Site "Willingen GER"]
[Date "2018.05.24"]
[Round "7"]
[White "Ortlepp, Klaudia"]
[Black "Fuchs, Emily"]
[Result "1-0"]
[Termination "normal"]
[Board "10"]
[WhiteElo "1505"]
[BlackElo "1280"]
[WhiteClock "01:20:33"]
[BlackClock "00:16:21"]
[PlyCount "105"]
[WhiteFideId "16206045"]
[BlackFideId "16208986"]
[EventCountry "GER"]
[EventRounds "9"]
[EventType "swiss"]
[EventDate "2018.05.19"]

1. e4 {[%clk 1:30:59]} 1... e5 {[%clk 1:30:48]} 2. d4 {[%clk 1:31:16]} 2...
exd4 {[%clk 1:31:12]} 3. Nf3 {[%clk 1:31:38]} 3... Nc6 {[%clk 1:31:03]} 4. Bc4
{[%clk 1:31:36]} 4... Nf6 {[%clk 1:31:16]} 5. e5 {[%clk 1:31:53]} 5... d5 {
[%clk 1:31:37]} 6. Bb5 {[%clk 1:32:14]} 6... Ne4 {[%clk 1:31:23]} 7. Nxd4 {
[%clk 1:32:14]} 7... Bd7 {[%clk 1:30:35]} 8. Bxc6 {[%clk 1:32:24]} 8... bxc6 {
[%clk 1:29:21]} 9. O-O {[%clk 1:32:18]} 9... Bc5 {[%clk 1:24:41]} 10. Be3 {
[%clk 1:32:11]} 10... Qe7 {[%clk 1:20:43]} 11. f3 {[%clk 1:30:20]} 11... Ng5 {
[%clk 1:18:10]} 12. f4 {[%clk 1:27:57]} 12... Ne4 {[%clk 1:13:19]} 13. Nd2 {
[%clk 1:27:10]} 13... Bxd4 {[%clk 1:08:22]} 14. Bxd4 {[%clk 1:27:04]} 14... Bf5
{[%clk 1:07:36]} 15. Nb3 {[%clk 1:14:34]} 15... c5 {[%clk 0:54:42]} 16. Bxc5 {
[%clk 1:08:00]} 16... Nxc5 {[%clk 0:47:44]} 17. Qxd5 {[%clk 1:07:49]} 17... Rd8
{[%clk 0:41:09]} 18. Qxc5 {[%clk 1:07:33]} 18... Qxc5+ {[%clk 0:41:20]} 19.
Nxc5 {[%clk 1:07:54]} 19... Bxc2 {[%clk 0:39:03]} 20. Rac1 {[%clk 1:06:35]}
20... Rd2 {[%clk 0:36:24]} 21. Rf2 {[%clk 1:05:48]} 21... Rd1+ {[%clk 0:35:39]}
22. Rxd1 {[%clk 1:05:55]} 22... Bxd1 {[%clk 0:35:58]} 23. Rd2 {[%clk 1:06:03]}
23... Bg4 {[%clk 0:35:30]} 24. h3 {[%clk 1:06:07]} 24... Bc8 {[%clk 0:34:33]}
25. g4 {[%clk 1:06:17]} 25... O-O {[%clk 0:34:26]} 26. f5 {[%clk 1:05:24]}
26... Re8 {[%clk 0:32:09]} 27. Kg2 {[%clk 1:04:57]} 27... h6 {[%clk 0:28:39]}
28. b4 {[%clk 1:00:22]} 28... Kh7 {[%clk 0:23:11]} 29. Re2 {[%clk 0:57:39]}
29... f6 {[%clk 0:21:23]} 30. e6 {[%clk 0:57:14]} 30... g6 {[%clk 0:20:11]} 31.
Kf2 {[%clk 0:56:28]} 31... gxf5 {[%clk 0:13:19]} 32. gxf5 {[%clk 0:56:45]}
32... Rd8 {[%clk 0:12:18]} 33. Kf3 {[%clk 0:55:26]} 33... h5 {[%clk 0:09:34]}
34. Kf4 {[%clk 0:54:15]} 34... Kg7 {[%clk 0:09:28]} 35. Rg2+ {[%clk 0:53:49]}
35... Kf8 {[%clk 0:09:17]} 36. Rg6 {[%clk 0:52:27]} 36... Rd4+ {[%clk 0:08:04]}
37. Ke3 {[%clk 0:52:22]} 37... Rxb4 {[%clk 0:07:42]} 38. Rxf6+ {[%clk 0:52:17]}
38... Ke8 {[%clk 0:06:57]} 39. Rh6 {[%clk 0:51:35]} 39... Rc4 {[%clk 0:05:32]}
40. f6 {[%clk 0:51:24]} 40... Bxe6 {[%clk 0:04:00]} 41. Nxe6 {[%clk 0:51:35]}
41... Rc3+ {[%clk 0:02:03]} 42. Ke4 {[%clk 0:51:19]} 42... Rxh3 {[%clk 0:30:01]
} 43. Nxc7+ {[%clk 1:21:29]} 43... Kf7 {[%clk 0:29:53]} 44. Nd5 {[%clk 1:21:16]
} 44... Ra3 {[%clk 0:28:42]} 45. Rxh5 {[%clk 1:20:51]} 45... Rxa2 { [%clk
0:27:55]} 46. Kf5 {[%clk 1:21:00]} 46... Rf2+ {[%clk 0:25:41]} 47. Nf4 { [%clk
1:21:17]} 47... a5 {[%clk 0:25:12]} 48. Rh7+ {[%clk 1:21:18]} 48... Kg8 { [%clk
0:22:02]} 49. Ra7 {[%clk 1:21:28]} 49... Kf8 {[%clk 0:16:53]} 50. Ke6 { [%clk
1:20:03]} 50... Kg8 {[%clk 0:16:19]} 51. Rg7+ {[%clk 1:20:15]} 51... Kf8 {[%clk
0:15:58]} 52. Ng6+ {[%clk 1:20:33]} 52... Ke8 {[%clk 0:16:21]} 53. Rg8# 1-0

[Event "DEM U14w 2018"]
[Site "Willingen GER"]
[Date "2018.05.24"]
[Round "7"]
[White "Schwegler, Jelena"]
[Black "Kalina, Lena"]
[Result "1-0"]
[Termination "normal"]
[Board "11"]
[WhiteElo "1491"]
[BlackElo "1479"]
[WhiteClock "00:05:00"]
[BlackClock "00:05:15"]
[PlyCount "163"]
[WhiteFideId "16225481"]
[BlackFideId "12988014"]
[EventCountry "GER"]
[EventRounds "9"]
[EventType "swiss"]
[EventDate "2018.05.19"]

1. e4 {[%clk 1:30:53]} 1... c5 {[%clk 1:30:54]} 2. Nc3 {[%clk 1:31:10]} 2...
Nc6 {[%clk 1:30:33]} 3. Bb5 {[%clk 1:31:26]} 3... g6 {[%clk 1:30:01]} 4. Bxc6 {
[%clk 1:31:36]} 4... dxc6 {[%clk 1:28:56]} 5. f4 {[%clk 1:31:32]} 5... Bg7 {
[%clk 1:28:04]} 6. Nf3 {[%clk 1:29:17]} 6... Nf6 {[%clk 1:24:49]} 7. O-O {
[%clk 1:26:58]} 7... Nd7 {[%clk 1:19:42]} 8. d3 {[%clk 1:23:09]} 8... Nf8 {
[%clk 1:16:20]} 9. Bd2 {[%clk 1:15:36]} 9... Ne6 {[%clk 1:11:16]} 10. Qe1 {
[%clk 1:07:58]} 10... Nd4 {[%clk 1:05:07]} 11. Nxd4 {[%clk 1:04:01]} 11... cxd4
{[%clk 1:01:31]} 12. Ne2 {[%clk 1:03:07]} 12... c5 {[%clk 0:58:42]} 13. f5 {
[%clk 0:59:01]} 13... Qc7 {[%clk 0:44:34]} 14. Qh4 {[%clk 0:47:50]} 14... Qe5 {
[%clk 0:39:17]} 15. Rae1 {[%clk 0:33:36]} 15... O-O {[%clk 0:28:07]} 16. Bf4 {
[%clk 0:28:34]} 16... Qf6 {[%clk 0:27:20]} 17. Bg5 {[%clk 0:28:01]} 17... Qc6 {
[%clk 0:25:44]} 18. Bxe7 {[%clk 0:26:42]} 18... Re8 {[%clk 0:24:37]} 19. f6 {
[%clk 0:26:31]} 19... Bh8 {[%clk 0:23:35]} 20. Ng3 {[%clk 0:22:35]} 20... Qd7 {
[%clk 0:19:22]} 21. Bxc5 {[%clk 0:18:12]} 21... b6 {[%clk 0:15:33]} 22. Be7 {
[%clk 0:17:35]} 22... Qg4 {[%clk 0:15:39]} 23. Qh6 {[%clk 0:15:19]} 23... Qe6 {
[%clk 0:11:26]} 24. Rf4 {[%clk 0:10:11]} 24... Rxe7 {[%clk 0:10:52]} 25. fxe7 {
[%clk 0:10:28]} 25... Qxe7 {[%clk 0:11:07]} 26. Ref1 {[%clk 0:10:01]} 26... Bg7
{[%clk 0:10:11]} 27. Qh4 {[%clk 0:08:44]} 27... Qxh4 {[%clk 0:10:03]} 28. Rxh4
{[%clk 0:09:00]} 28... g5 {[%clk 0:09:48]} 29. Rh5 {[%clk 0:08:49]} 29... h6 {
[%clk 0:09:08]} 30. Nf5 {[%clk 0:08:45]} 30... Bxf5 {[%clk 0:08:25]} 31. exf5 {
[%clk 0:08:41]} 31... Re8 {[%clk 0:08:07]} 32. f6 {[%clk 0:08:30]} 32... Bf8 {
[%clk 0:08:30]} 33. Rh3 {[%clk 0:08:32]} 33... Re2 {[%clk 0:08:20]} 34. Rc1 {
[%clk 0:08:26]} 34... Kh7 {[%clk 0:08:21]} 35. Kf1 {[%clk 0:08:29]} 35... Re6 {
[%clk 0:08:47]} 36. Rf3 {[%clk 0:08:27]} 36... Kg6 {[%clk 0:09:08]} 37. Re1 {
[%clk 0:08:17]} 37... Rxf6 {[%clk 0:09:13]} 38. Rxf6+ {[%clk 0:08:41]} 38...
Kxf6 {[%clk 0:09:40]} 39. Re4 {[%clk 0:08:49]} 39... Bc5 {[%clk 0:09:57]} 40.
Ke2 {[%clk 0:08:20]} 40... Kg6 {[%clk 0:08:13]} 41. Kf3 {[%clk 0:03:02]} 41...
h5 {[%clk 0:07:04]} 42. h3 {[%clk 0:02:17]} 42... h4 {[%clk 0:05:38]} 43. Re5 {
[%clk 0:28:14]} 43... f5 {[%clk 0:27:22]} 44. c3 {[%clk 0:23:14]} 44... Kf6 {
[%clk 0:25:20]} 45. cxd4 {[%clk 0:21:54]} 45... Bxd4 {[%clk 0:22:47]} 46. Rb5 {
[%clk 0:21:26]} 46... Ke6 {[%clk 0:19:53]} 47. Rb4 {[%clk 0:17:22]} 47... Kd5 {
[%clk 0:15:43]} 48. b3 {[%clk 0:17:16]} 48... Bc5 {[%clk 0:14:09]} 49. Rc4 {
[%clk 0:16:51]} 49... b5 {[%clk 0:11:02]} 50. Rc1 {[%clk 0:15:07]} 50... Kd4 {
[%clk 0:09:26]} 51. Ke2 {[%clk 0:14:59]} 51... a5 {[%clk 0:08:52]} 52. a4 {
[%clk 0:13:33]} 52... b4 {[%clk 0:07:23]} 53. Rc4+ {[%clk 0:10:19]} 53... Kd5 {
[%clk 0:07:45]} 54. Kd2 {[%clk 0:10:00]} 54... Bd4 {[%clk 0:05:15]} 55. Rc8 {
[%clk 0:09:40]} 55... Be5 {[%clk 0:04:08]} 56. Ra8 {[%clk 0:09:28]} 56... Bc7 {
[%clk 0:04:11]} 57. Rc8 {[%clk 0:09:20]} 57... Bf4+ {[%clk 0:03:59]} 58. Ke2 {
[%clk 0:08:03]} 58... Kd4 {[%clk 0:03:27]} 59. Rc4+ {[%clk 0:07:11]} 59... Kd5
{[%clk 0:03:50]} 60. Kf3 {[%clk 0:06:22]} 60... Be5 {[%clk 0:03:58]} 61. Ke3 {
[%clk 0:05:46]} 61... Bf4+ {[%clk 0:03:23]} 62. Ke2 {[%clk 0:05:00]} 62... Be5
{[%clk 0:03:46]} 63. Kf3 {[%clk 0:04:50]} 63... Bd4 {[%clk 0:02:42]} 64. Rc8 {
[%clk 0:04:12]} 64... Be5 {[%clk 0:02:53]} 65. Rd8+ {[%clk 0:03:49]} 65... Bd6
{[%clk 0:02:51]} 66. d4 {[%clk 0:03:29]} 66... Kxd4 {[%clk 0:01:13]} 67. Rxd6+
{[%clk 0:03:48]} 67... Kc3 {[%clk 0:01:39]} 68. Rd5 {[%clk 0:03:14]} 68... Kxb3
{[%clk 0:02:03]} 69. Rxa5 {[%clk 0:03:19]} 69... Ka3 {[%clk 0:02:01]} 70. Rxf5
{[%clk 0:02:59]} 70... Kxa4 {[%clk 0:02:00]} 71. Kg4 {[%clk 0:02:30]} 71... b3
{[%clk 0:01:58]} 72. Rf1 {[%clk 0:02:50]} 72... b2 {[%clk 0:02:14]} 73. Kxg5 {
[%clk 0:03:05]} 73... Ka3 {[%clk 0:02:38]} 74. Kxh4 {[%clk 0:03:20]} 74... Ka2
{[%clk 0:03:02]} 75. Rf2 {[%clk 0:03:25]} 75... Ka1 {[%clk 0:03:25]} 76. Rxb2 {
[%clk 0:03:42]} 76... Kxb2 {[%clk 0:03:50]} 77. Kg5 {[%clk 0:03:57]} 77... Kc3
78. h4 {[%clk 0:04:11]} 78... Kd4 {[%clk 0:04:11]} 79. h5 {[%clk 0:04:18]}
79... Ke5 {[%clk 0:04:35]} 80. Kg6 {[%clk 0:04:35]} 80... Ke6 {[%clk 0:04:56]}
81. h6 {[%clk 0:04:42]} 81... Ke7 {[%clk 0:05:15]} 82. h7 {[%clk 0:05:00]} 1-0

[Event "DEM U14w 2018"]
[Site "Willingen GER"]
[Date "2018.05.24"]
[Round "7"]
[White "Wucherer, Sophie"]
[Black "Zixin, Li"]
[Result "1/2-1/2"]
[Termination "normal"]
[Board "12"]
[WhiteElo "1340"]
[BlackElo "1423"]
[WhiteClock "00:29:18"]
[BlackClock "00:04:30"]
[PlyCount "100"]
[WhiteFideId "16225473"]
[BlackFideId "16244770"]
[EventCountry "GER"]
[EventRounds "9"]
[EventType "swiss"]
[EventDate "2018.05.19"]

1. d4 {[%clk 1:30:59]} 1... d5 {[%clk 1:30:55]} 2. Nf3 {[%clk 1:31:21]} 2...
Nf6 {[%clk 1:31:15]} 3. Bf4 {[%clk 1:31:41]} 3... e6 {[%clk 1:30:37]} 4. e3 {
[%clk 1:31:35]} 4... b6 {[%clk 1:29:59]} 5. c4 {[%clk 1:30:52]} 5... Be7 {
[%clk 1:30:04]} 6. Nc3 {[%clk 1:30:31]} 6... O-O {[%clk 1:30:14]} 7. Bd3 {
[%clk 1:30:05]} 7... dxc4 {[%clk 1:30:09]} 8. Bxc4 {[%clk 1:30:23]} 8... Ba6 {
[%clk 1:30:29]} 9. Bxa6 {[%clk 1:25:41]} 9... Nxa6 {[%clk 1:30:52]} 10. a3 {
[%clk 1:25:46]} 10... c5 {[%clk 1:23:42]} 11. O-O {[%clk 1:17:48]} 11... Qc8 {
[%clk 1:15:58]} 12. Rc1 {[%clk 1:17:18]} 12... Rd8 {[%clk 1:13:37]} 13. Qe2 {
[%clk 1:16:01]} 13... Qb7 {[%clk 1:07:43]} 14. Bg5 {[%clk 1:08:07]} 14... Rac8
{[%clk 0:58:54]} 15. Rfd1 {[%clk 1:07:29]} 15... c4 {[%clk 0:54:55]} 16. Ne5 {
[%clk 1:03:12]} 16... b5 {[%clk 0:54:29]} 17. a4 {[%clk 0:51:21]} 17... Nc7 {
[%clk 0:50:42]} 18. axb5 {[%clk 0:49:58]} 18... Nxb5 {[%clk 0:50:53]} 19. Nxc4
{[%clk 0:39:15]} 19... Nxc3 {[%clk 0:49:59]} 20. Rxc3 {[%clk 0:39:09]} 20...
Ne4 {[%clk 0:48:49]} 21. Bxe7 {[%clk 0:27:34]} 21... Nxc3 {[%clk 0:48:23]} 22.
bxc3 {[%clk 0:27:56]} 22... Qxe7 {[%clk 0:48:45]} 23. Rc1 {[%clk 0:27:08]}
23... Rc7 {[%clk 0:43:39]} 24. Ne5 {[%clk 0:25:39]} 24... Rdc8 {[%clk 0:40:52]}
25. c4 {[%clk 0:24:38]} 25... f6 {[%clk 0:40:09]} 26. Nf3 {[%clk 0:24:55]}
26... Qa3 {[%clk 0:37:48]} 27. Qf1 {[%clk 0:23:50]} 27... Qa6 {[%clk 0:28:10]}
28. Nd2 {[%clk 0:20:32]} 28... Qb7 {[%clk 0:22:49]} 29. c5 {[%clk 0:18:09]}
29... e5 {[%clk 0:17:20]} 30. Qc4+ {[%clk 0:18:01]} 30... Kf8 {[%clk 0:15:59]}
31. d5 {[%clk 0:18:01]} 31... Rxc5 {[%clk 0:15:39]} 32. Qxc5+ {[%clk 0:16:30]}
32... Rxc5 {[%clk 0:16:00]} 33. Rxc5 {[%clk 0:16:55]} 33... Qb4 {[%clk 0:13:27]
} 34. Rc8+ {[%clk 0:16:40]} 34... Kf7 {[%clk 0:12:14]} 35. Nf1 {[%clk 0:16:46]}
35... a5 {[%clk 0:11:19]} 36. Ra8 {[%clk 0:14:10]} 36... a4 {[%clk 0:10:16]}
37. h3 {[%clk 0:13:09]} 37... Qb7 {[%clk 0:09:56]} 38. Rxa4 {[%clk 0:13:15]}
38... Qxd5 {[%clk 0:10:17]} 39. Ra7+ {[%clk 0:11:51]} 39... Kg6 {[%clk 0:10:31]
} 40. Ng3 {[%clk 0:11:34]} 40... Qc5 {[%clk 0:09:49]} 41. Rd7 {[%clk 0:10:30]}
41... Qb5 {[%clk 0:08:46]} 42. Rc7 {[%clk 0:09:30]} 42... Qa5 {[%clk 0:08:10]}
43. Rc4 {[%clk 0:09:29]} 43... h5 {[%clk 0:08:21]} 44. h4 {[%clk 0:06:51]}
44... Qe1+ {[%clk 0:07:13]} 45. Nf1 {[%clk 0:07:14]} 45... Kf5 {[%clk 0:07:12]}
46. Ra4 {[%clk 0:05:55]} 46... Qd1 {[%clk 0:06:13]} 47. Rb4 {[%clk 0:05:43]}
47... g5 {[%clk 0:04:59]} 48. Rc4 {[%clk 0:03:24]} 48... gxh4 {[%clk 0:04:36]}
49. Rxh4 {[%clk 0:03:37]} 49... Kg5 {[%clk 0:04:30]} 50. Rb4 {[%clk 0:29:18]}
50... Kf5 1/2-1/2

[Event "DEM U14w 2018"]
[Site "Willingen GER"]
[Date "2018.05.24"]
[Round "7"]
[White "Jacoby, Angelina"]
[Black "Mellugja, Ornela"]
[Result "1-0"]
[Termination "normal"]
[Board "13"]
[WhiteElo "1221"]
[BlackElo "747"]
[WhiteClock "00:37:51"]
[BlackClock "00:21:37"]
[PlyCount "79"]
[WhiteFideId "12999008"]
[BlackFideId "16265998"]
[EventCountry "GER"]
[EventRounds "9"]
[EventType "swiss"]
[EventDate "2018.05.19"]

1. d4 {[%clk 1:30:56]} 1... c6 {[%clk 1:30:40]} 2. Bf4 {[%clk 1:30:04]} 2... d6
{[%clk 1:29:32]} 3. e3 {[%clk 1:27:14]} 3... Nd7 {[%clk 1:27:02]} 4. Nf3 {
[%clk 1:25:59]} 4... Ngf6 {[%clk 1:25:06]} 5. Be2 {[%clk 1:20:37]} 5... Qc7 {
[%clk 1:22:49]} 6. Nc3 {[%clk 1:15:43]} 6... e5 {[%clk 1:21:21]} 7. dxe5 {
[%clk 1:14:47]} 7... dxe5 {[%clk 1:21:31]} 8. Bg3 {[%clk 1:14:58]} 8... Bb4 {
[%clk 1:20:27]} 9. O-O {[%clk 1:11:26]} 9... O-O {[%clk 1:20:32]} 10. Bd3 {
[%clk 1:04:40]} 10... h6 {[%clk 1:20:19]} 11. h3 {[%clk 0:59:14]} 11... Bxc3 {
[%clk 1:20:05]} 12. bxc3 {[%clk 0:59:31]} 12... e4 {[%clk 1:19:43]} 13. Bxc7 {
[%clk 0:59:50]} 13... exf3 {[%clk 1:19:26]} 14. Qxf3 {[%clk 0:59:57]} 14... Re8
{[%clk 1:17:41]} 15. Bg3 {[%clk 0:54:49]} 15... Nc5 {[%clk 1:17:01]} 16. Rfd1 {
[%clk 0:47:08]} 16... Nce4 {[%clk 1:15:08]} 17. Bxe4 {[%clk 0:45:44]} 17...
Nxe4 {[%clk 1:15:11]} 18. Rd3 {[%clk 0:43:57]} 18... Nxg3 {[%clk 0:38:39]} 19.
Qxg3 {[%clk 0:44:02]} 19... Bf5 {[%clk 0:37:32]} 20. Rd2 {[%clk 0:43:46]} 20...
Be6 {[%clk 0:35:05]} 21. a3 {[%clk 0:43:04]} 21... a5 {[%clk 0:33:59]} 22. Rad1
{[%clk 0:41:21]} 22... Rab8 {[%clk 0:29:58]} 23. Qc7 {[%clk 0:39:56]} 23... a4
{[%clk 0:25:59]} 24. Rd8 {[%clk 0:38:31]} 24... Rc8 {[%clk 0:23:48]} 25. Rxe8+
{[%clk 0:38:22]} 25... Rxe8 {[%clk 0:23:16]} 26. Rd8 {[%clk 0:38:34]} 26...
Rxd8 {[%clk 0:22:30]} 27. Qxd8+ {[%clk 0:38:57]} 27... Kh7 {[%clk 0:22:17]} 28.
Qa8 {[%clk 0:38:42]} 28... b5 {[%clk 0:20:52]} 29. Qxc6 {[%clk 0:38:20]} 29...
Bc4 {[%clk 0:21:07]} 30. e4 {[%clk 0:37:50]} 30... Be2 {[%clk 0:20:29]} 31. e5
{[%clk 0:37:34]} 31... Bd1 {[%clk 0:20:51]} 32. Qxb5 {[%clk 0:37:36]} 32...
Bxc2 {[%clk 0:21:16]} 33. c4 {[%clk 0:37:43]} 33... g5 {[%clk 0:21:03]} 34. c5
{[%clk 0:37:47]} 34... Kg6 {[%clk 0:21:12]} 35. c6 {[%clk 0:37:52]} 35... h5 {
[%clk 0:21:31]} 36. c7 {[%clk 0:37:58]} 36... g4 {[%clk 0:21:47]} 37. c8=Q {
[%clk 0:37:51]} 37... Bf5 {[%clk 0:21:34]} 38. Qb6+ {[%clk 0:37:24]} 38... Kg5
{[%clk 0:21:35]} 39. Qf6+ {[%clk 0:37:41]} 39... Kf4 {[%clk 0:21:37]} 40.
Qcxf5# {[%clk 0:37:51]} 1-0

[Event "DEM U14w 2018"]
[Site "Willingen GER"]
[Date "2018.05.25"]
[Round "8"]
[White "Basovskiy, Jana"]
[Black "Brunner, Sophia"]
[Result "1-0"]
[Termination "normal"]
[Board "1"]
[WhiteElo "1862"]
[BlackElo "1742"]
[WhiteClock "00:04:46"]
[BlackClock "00:00:47"]
[PlyCount "65"]
[WhiteFideId "16208617"]
[BlackFideId "12960683"]
[EventCountry "GER"]
[EventRounds "9"]
[EventType "swiss"]
[EventDate "2018.05.19"]

1. e4 {[%clk 1:30:59]} 1... e5 {[%clk 1:30:54]} 2. Nf3 {[%clk 1:31:25]} 2...
Nc6 {[%clk 1:31:16]} 3. Bc4 {[%clk 1:31:50]} 3... Bc5 {[%clk 1:31:38]} 4. c3 {
[%clk 1:32:13]} 4... Nf6 {[%clk 1:31:55]} 5. d3 {[%clk 1:32:35]} 5... a6 {
[%clk 1:32:02]} 6. Nbd2 {[%clk 1:32:24]} 6... Ba7 {[%clk 1:32:12]} 7. O-O {
[%clk 1:32:25]} 7... d6 {[%clk 1:32:32]} 8. Bb3 {[%clk 1:32:45]} 8... O-O {
[%clk 1:32:54]} 9. h3 {[%clk 1:32:59]} 9... Be6 {[%clk 1:29:17]} 10. Bc2 {
[%clk 1:32:02]} 10... Ne7 {[%clk 1:20:46]} 11. Re1 {[%clk 1:30:44]} 11... Ng6 {
[%clk 1:16:34]} 12. Nf1 {[%clk 1:30:31]} 12... c6 {[%clk 1:09:54]} 13. Qe2 {
[%clk 1:25:57]} 13... Qc7 {[%clk 1:07:04]} 14. Ng3 {[%clk 1:18:17]} 14... Rae8
{[%clk 0:58:11]} 15. Nh2 {[%clk 0:59:29]} 15... Nd7 {[%clk 0:54:18]} 16. Nf3 {
[%clk 0:44:24]} 16... d5 {[%clk 0:29:16]} 17. Be3 {[%clk 0:38:00]} 17... Bxe3 {
[%clk 0:27:54]} 18. Qxe3 {[%clk 0:37:21]} 18... dxe4 {[%clk 0:25:31]} 19. dxe4
{[%clk 0:37:12]} 19... f6 {[%clk 0:22:05]} 20. Red1 {[%clk 0:32:39]} 20... Rd8
{[%clk 0:21:37]} 21. Nd2 {[%clk 0:26:44]} 21... Nf4 {[%clk 0:15:51]} 22. Bb3 {
[%clk 0:21:13]} 22... b6 {[%clk 0:08:49]} 23. Bxe6+ {[%clk 0:18:20]} 23... Nxe6
24. Nf5 {[%clk 0:16:50]} 24... g6 {[%clk 0:07:05]} 25. Nh6+ {[%clk 0:12:38]}
25... Kg7 {[%clk 0:07:02]} 26. Ng4 {[%clk 0:13:02]} 26... g5 {[%clk 0:04:17]}
27. Nf1 {[%clk 0:09:51]} 27... h5 {[%clk 0:03:39]} 28. Ngh2 {[%clk 0:09:45]}
28... h4 {[%clk 0:03:28]} 29. Qf3 {[%clk 0:07:51]} 29... Nf4 {[%clk 0:01:57]}
30. Ne3 {[%clk 0:07:50]} 30... Nc5 {[%clk 0:01:31]} 31. Nf5+ {[%clk 0:07:32]}
31... Kg8 {[%clk 0:01:09]} 32. Ng4 {[%clk 0:06:44]} 32... Qh7 {[%clk 0:00:47]}
33. Rxd8 {[%clk 0:04:46]} 1-0

[Event "DEM U14w 2018"]
[Site "Willingen GER"]
[Date "2018.05.25"]
[Round "8"]
[White "Schnabel, Luise"]
[Black "Ziegenfuß, Antonia"]
[Result "0-1"]
[Termination "normal"]
[Board "2"]
[WhiteElo "1717"]
[BlackElo "1956"]
[WhiteClock "00:01:03"]
[BlackClock "00:00:57"]
[PlyCount "74"]
[WhiteFideId "12943347"]
[BlackFideId "12962554"]
[EventCountry "GER"]
[EventRounds "9"]
[EventType "swiss"]
[EventDate "2018.05.19"]

1. e4 {[%clk 1:30:56]} 1... c5 {[%clk 1:30:57]} 2. Nf3 {[%clk 1:31:13]} 2... e6
{[%clk 1:31:20]} 3. d4 {[%clk 1:31:27]} 3... cxd4 {[%clk 1:31:42]} 4. Nxd4 {
[%clk 1:31:47]} 4... Nf6 {[%clk 1:32:06]} 5. Nc3 {[%clk 1:32:04]} 5... Bb4 {
[%clk 1:32:29]} 6. e5 {[%clk 1:30:45]} 6... Nd5 {[%clk 1:32:45]} 7. Bd2 { [%clk
1:25:59]} 7... Bxc3 {[%clk 1:31:24]} 8. bxc3 {[%clk 1:25:41]} 8... O-O { [%clk
1:29:07]} 9. Qg4 {[%clk 1:20:00]} 9... f5 {[%clk 1:12:37]} 10. Qg3 { [%clk
1:10:08]} 10... f4 {[%clk 0:53:57]} 11. Qg4 {[%clk 1:01:08]} 11... Qc7 { [%clk
0:49:50]} 12. Qh5 {[%clk 0:55:56]} 12... Nc6 {[%clk 0:28:40]} 13. Nxc6 { [%clk
0:50:14]} 13... dxc6 {[%clk 0:28:25]} 14. Bd3 {[%clk 0:48:12]} 14... g6 { [%clk
0:27:38]} 15. Qg5 {[%clk 0:47:38]} 15... b5 {[%clk 0:26:04]} 16. h4 { [%clk
0:45:10]} 16... b4 {[%clk 0:18:15]} 17. c4 {[%clk 0:36:38]} 17... Rf5 { [%clk
0:17:02]} 18. Bxf5 {[%clk 0:27:03]} 18... Qxe5+ {[%clk 0:17:22]} 19. Kf1 {[%clk
0:22:17]} 19... Qxa1+ {[%clk 0:17:38]} 20. Be1 {[%clk 0:22:31]} 20... exf5
{[%clk 0:17:52]} 21. Qd8+ {[%clk 0:19:03]} 21... Kf7 {[%clk 0:17:01]} 22. Rh3
{[%clk 0:17:13]} 22... Bb7 {[%clk 0:16:17]} 23. Qd7+ {[%clk 0:16:32]} 23... Kf8
{[%clk 0:16:32]} 24. Qd6+ {[%clk 0:14:09]} 24... Ne7 {[%clk 0:15:20]} 25. Qxf4
{[%clk 0:12:11]} 25... Ba6 {[%clk 0:11:29]} 26. Re3 {[%clk 0:10:09]} 26... Re8
{[%clk 0:10:04]} 27. Kg1 {[%clk 0:07:57]} 27... c5 {[%clk 0:04:36]} 28. Qd6
{[%clk 0:06:02]} 28... Bxc4 {[%clk 0:04:24]} 29. Qxc5 {[%clk 0:06:13]} 29...
Bxa2 {[%clk 0:03:58]} 30. Qxa7 {[%clk 0:05:54]} 30... Qb1 {[%clk 0:03:16]} 31.
Qc5 {[%clk 0:05:37]} 31... b3 {[%clk 0:01:53]} 32. cxb3 {[%clk 0:05:29]} 32...
Bxb3 {[%clk 0:02:16]} 33. Qc3 {[%clk 0:05:35]} 33... Bf7 {[%clk 0:01:12]} 34.
Kh2 {[%clk 0:04:55]} 34... Qb8+ {[%clk 0:01:07]} 35. g3 {[%clk 0:04:26]} 35...
Nd5 {[%clk 0:00:53]} 36. Qh8+ {[%clk 0:01:02]} 36... Bg8 {[%clk 0:01:19]} 37.
Rd3 {[%clk 0:01:03]} 37... Qe5 {[%clk 0:00:57]} 0-1

[Event "DEM U14w 2018"]
[Site "Willingen GER"]
[Date "2018.05.25"]
[Round "8"]
[White "Khamenya, Vitalia"]
[Black "Ricken, Katharina"]
[Result "1/2-1/2"]
[Termination "normal"]
[Board "4"]
[WhiteElo "1792"]
[BlackElo "1798"]
[WhiteClock "00:46:58"]
[BlackClock "00:55:04"]
[PlyCount "41"]
[WhiteFideId "12959260"]
[BlackFideId "16207017"]
[EventCountry "GER"]
[EventRounds "9"]
[EventType "swiss"]
[EventDate "2018.05.19"]

1. d4 {[%clk 1:30:56]} 1... e6 {[%clk 1:30:59]} 2. e3 {[%clk 1:31:14]} 2... Nf6
{[%clk 1:31:26]} 3. Bd3 {[%clk 1:31:38]} 3... c5 {[%clk 1:31:49]} 4. c3 { [%clk
1:31:56]} 4... Nc6 {[%clk 1:32:12]} 5. f4 {[%clk 1:32:08]} 5... d5 { [%clk
1:32:17]} 6. Nf3 {[%clk 1:32:17]} 6... Bd6 {[%clk 1:32:20]} 7. O-O { [%clk
1:32:23]} 7... O-O {[%clk 1:32:44]} 8. Ne5 {[%clk 1:32:07]} 8... Ne7 { [%clk
1:32:26]} 9. Nd2 {[%clk 1:32:03]} 9... b6 {[%clk 1:32:37]} 10. Rf3 { [%clk
1:29:29]} 10... Bb7 {[%clk 1:30:53]} 11. Rh3 {[%clk 1:28:58]} 11... Ne4 { [%clk
1:24:58]} 12. Qh5 {[%clk 1:24:19]} 12... h6 {[%clk 1:23:29]} 13. g4 { [%clk
1:17:57]} 13... f6 {[%clk 1:08:12]} 14. Ng6 {[%clk 1:14:45]} 14... Nxg6 { [%clk
1:02:31]} 15. Qxg6 {[%clk 1:14:52]} 15... Qe8 {[%clk 1:02:19]} 16. Qxe8 { [%clk
1:02:25]} 16... Rfxe8 {[%clk 1:01:27]} 17. Nxe4 {[%clk 0:58:35]} 17... dxe4
{[%clk 1:01:50]} 18. Bb5 {[%clk 0:53:59]} 18... Red8 {[%clk 1:00:51]} 19. Bd2
{[%clk 0:51:57]} 19... a6 {[%clk 0:55:50]} 20. Ba4 {[%clk 0:49:56]} 20... b5
{[%clk 0:55:04]} 21. Bd1 {[%clk 0:46:58]} 1/2-1/2